000 00858cam a2200277 a 4500
001 15187864
005 20180221070959.0
008 080221s2009 njua b 001 0 eng
010 _a 2008007529
020 _a9780205570706
020 _a0205570704
035 _a(OCoLC)ocn199460860
035 _a(OCoLC)199460860
_z(OCoLC)192082740
040 _aDLC
_cDLC
_dYDX
_dBAKER
_dYDXCP
_dCDX
_dBTCTA
_dDLC
041 _aeng
043 _an-us---
080 _a371.102 MOR
082 0 0 _a371.102 MOR
_222
100 1 _a48
101 _aedu
245 1 0 _aTeaching in America /
_cGeorge S. Morrison.
504 _aIncludes bibliographical references (p. 484-499) and index.
906 _a7
_bcbc
_corignew
_d1
_eecip
_f20
_gy-gencatlg
942 _2ddc
_cBK
999 _c43043
_d43043